000 00586nam a2200229Ia 4500
003 OSt
005 20220923230719.0
006 a|||||r|||| 00| 0
007 ta
008 Pun
020 _c5
024 _a305,019
037 _cTextual
040 _aARTS
_cARTS
_bPun
041 _2Pun
_aPun
082 _aO168,3NHE,1, 153L0
100 _aਹੈਦਰ; ਸੁਖਬੀਰ, ੳਗ.
245 0 _aਅੱਗ ਦਾ ਦਰਿਆ
260 _c1970
942 _hO168,3NHE,1, 153L0
_cTEXL
_2CC
999 _c386822
_d386822